Detalles MARC
| 000 -LEADER |
| fixed length control field |
02150nam a2200265 a 4500 |
| 001 - CONTROL NUMBER |
| control field |
|
| 003 - CONTROL NUMBER IDENTIFIER |
| control field |
DO-SdBNP |
| 005 - DATE AND TIME OF LATEST TRANSACTION |
| control field |
20220218075755.0 |
| 008 - FIXED-LENGTH DATA ELEMENTS--GENERAL INFORMATION |
| fixed length control field |
100205s2001 dr 001 0 spa d |
| 040 ## - CATALOGING SOURCE |
| Original cataloging agency |
DO-SdBNP |
| Language of cataloging |
spa |
| Transcribing agency |
BPMSU |
| 082 ## - DEWEY DECIMAL CLASSIFICATION NUMBER |
| Classification number |
330.97293 |
| Item number |
T266d 2001 |
| Edition number |
22 |
| 100 1# - MAIN ENTRY--PERSONAL NAME |
| Personal name |
Tejera, Eduardo J. |
| 245 10 - TITLE STATEMENT |
| Title |
Debate económico dominicano : |
| Remainder of title |
ensayos y artículos 1997-2001 / |
| Statement of responsibility, etc. |
Eduardo J. Tejera. |
| 260 ## - PUBLICATION, DISTRIBUTION, ETC. (IMPRINT) |
| Place of publication, distribution, etc. |
Santo Domingo : |
| Name of publisher, distributor, etc. |
Solar, |
| Date of publication, distribution, etc. |
2001. |
| 300 ## - PHYSICAL DESCRIPTION |
| Extent |
281 p. ; |
| Dimensions |
23 cm. |
| 500 ## - GENERAL NOTE |
| General note |
Incluye datos biográficos del autor en la solapa de la cubierta |
| 505 0# - FORMATTED CONTENTS NOTE |
| Formatted contents note |
Año 2001 -- Sugerencias sobre la reactivación económica -- El dilema de los bonos soberanos y el endeudamiento externo -- Dilemas de la política monetaria y crediticia -- El dilema fiscal de la economía -- Sobre el estado de la economía -- Historia de los recientes programas de ajustes económicos /ensayo -- Año 2000 -- La nueva reforma monetaria y financiera -- Sugerencias sobre el mecanismo de reintegro de los impuestos al combustible de las plantas generadoras -- Reforma arancelaria y tributaria : una propuesta intermedia -- Año 1999 -- El momento de aprobar las reformas --Año 1998 -- La nueva reforma arancelaria y tributaria -- El dilema del proyecto de ley general de energía -- El significado de la nueva moneda El Euro para el sector privado dominicano / Charla -- El estado de la economía -- La importancia del turismo y sus problemas -- Reformas y/o diálogo? -- Proyecto de ley de mercado de valores -- Desarrollo industrial y agropecuario -- Año 1997 -- Que las reformas económicas no se detengan -- Requisitos para la globalización -- Retomando la política económica -- Todo está en venta: las virtudes y límites del mercado. |
| 590 ## - LOCAL NOTE (RLIN) |
| Local note |
Inventariado, 2022/VM |
| 650 #4 - SUBJECT ADDED ENTRY--TOPICAL TERM |
| Topical term or geographic name as entry element |
Política monetaria |
| Geographic subdivision |
República Dominicana |
| General subdivision |
Ensayos, conferencias, etc. |
| 650 #4 - SUBJECT ADDED ENTRY--TOPICAL TERM |
| Topical term or geographic name as entry element |
Reforma arancelaria |
| General subdivision |
Ensayos, conferencias, etc. |
| 651 #4 - SUBJECT ADDED ENTRY--GEOGRAPHIC NAME |
| Geographic name |
República Dominicana |
| General subdivision |
Condiciones económicas |
| -- |
Ensayos, conferencias, etc. |
| 651 #4 - SUBJECT ADDED ENTRY--GEOGRAPHIC NAME |
| Geographic name |
República Dominicana |
| General subdivision |
Política económica |
| -- |
Ensayos, conferencias, etc. |
| 910 ## - USER-OPTION DATA (OCLC) |
| User-option data |
VMateo V. |
| 942 ## - ADDED ENTRY ELEMENTS (KOHA) |
| Source of classification or shelving scheme |
Dewey Decimal Classification |
| Koha item type |
Libros |